| 000 | 01193cam a2200301 a 4500 | ||
|---|---|---|---|
| 999 |
_c17795 _d17795 |
||
| 001 | 4032756 | ||
| 003 | OSt | ||
| 005 | 20161129114431.0 | ||
| 008 | 980220s1998 miua b 001 0beng | ||
| 010 | _a 98013660 | ||
| 020 | _a0802838561 | ||
| 040 |
_aDLC _cDLC _dDLC |
||
| 043 | _ae-ne--- | ||
| 050 | 0 | 0 |
_aND653.G7 _bE68 1998 |
| 082 | 0 | 0 |
_a759.9492 _aB _221 |
| 100 | 1 | _aErickson, Kathleen Powers. | |
| 245 | 1 | 0 |
_aAt eternity's gate : _bthe spiritual vision of Vincent Van Gogh / _cKathleen Powers Erickson. |
| 260 |
_aGrand Rapids, Mich. : _bW.B. Eerdmans, _cc1998. |
||
| 300 |
_axviii, 192 p. : _bill. (some col.) ; _c25 cm. |
||
| 504 | _aIncludes bibliographical references (p. 183-188) and index. | ||
| 600 | 1 | 0 |
_aGogh, Vincent van, _d1853-1890 _xReligion. |
| 650 | 0 |
_aPainters _zNetherlands _xBiography. |
|
| 650 | 0 | _aSpirituality in art. | |
| 906 |
_a7 _bcbc _corignew _d1 _eocip _f19 _gy-gencatlg |
||
| 942 |
_2lcc _cBOOKS _hND 653 .G7E68 1998 |
||